Composer Multiple Choice Quiz - Statistics

General Stats
  • This quiz has been taken 115 times
  • The average score is 9 of 10
Answer Stats
Question Answer % Correct
Who composed "The Four Seasons?" Antonio Vivaldi
100%
Who composed "Finlandia?" Jean Sibelius
100%
Who composed "Moonlight Sonata?'' Ludwig Van Beethoven
100%
Who composed "In the Hall of the Mountain King?" Edvard Grieg
89%
Who composed "Hungarian Rhapsody?" Franz Liszt
89%
Who composed "William Tell Overture?" Gioachino Rossini
89%
Who composed "The Planets?" Gustav Holst
89%
Who composed "Hungarian Dance No. 5?" Johannes Brahms
89%
Who composed "Caprice No. 24?" Niccolò Paganini
78%
Who composed "Eine Kleine Nachtmusik?" Wolfgang Amadeus Mozart
78%
No matching quizzes found
Score Distribution
Percent of People with Each Score
Percentile by Number Answered
Your Score History
You have not taken this quiz